000 00564nam a2200217 a 4500
001 2035184
005 20180125074109.0
008 940408s1994 iaua 001 0 eng
010 _a 92075379
020 _a0697122522
040 _aDLC
_cDLC
041 _aeng
080 _a611 HOL
082 0 0 _a611 HOL
_220
100 1 _a7
101 _aANA
245 1 0 _aHuman anatomy /
_cJohn W. Hole, Jr., Karen A. Koos.
906 _a7
_bcbc
_corignew
_d2
_eopcn
_f19
_gy-gencatlg
942 _2ddc
_cBK
999 _c40950
_d40950